| 000 | 00772nam a22001937a 4500 | ||
|---|---|---|---|
| 003 | AM-YeHGA | ||
| 005 | 20250617154623.0 | ||
| 008 | 180207s xxu||||| |||| 00| 0 rus d | ||
| 040 | _aAM-YeHGA | ||
| 041 | 0 | _arus | |
| 245 | 0 | 0 |
_aЛетописец о ростовских архиереях / _cС примеч. чл.-кор. А.А. Титова. |
| 260 |
_aСанкт-Петербург : _bТип. С. Добродеева, _c1890. |
||
| 300 |
_a115 с. : _b[1] л. портр. |
||
| 440 | 0 |
_aО[бщество] л[юбителей] д[ревней] п[исьменности _v94 |
|
| 653 | 0 | _aЛетопись о ростовских архиереях | |
| 700 | 1 | _aТитов, Андрей Александрович | |
| 942 |
_2udc _cBK |
||
| 090 | _c418476 | ||
| 999 |
_c416112 _d416112 |
||